000 01000nam a22003017a 4500
001 BR0201583
003 BR-BrBNA
005 20230928101042.0
007 ta
008 230509b bl.||||| |||| 00| 0 por d
040 _aBR-BrBNA
_bpor
_cBiblioteca Nacional de Agricultura
041 _a(Por)
072 _aN20; N01
_b4510
090 _ 4510 BR0201583
100 1 _aSouza, S.P. de
110 1 _aEscola Superior de Agricultura Luiz de Queiroz, Piracicaba, SP (Brasil)
_0Tese (Mestre em Agronomia)
245 1 _aTombamento lateral de tratores agrícolas: avaliação do uso de um clinômetro para sua prevenção
260 3 _aPiracicaba, SP (Brasil):
_c2001.
300 _a64 p.
500 _aSummaries (Eng, Por); Bibliography p. 57-64; 5 tables; 14 illus.
650 _aTRATOR
650 _aMECANIZAÇÃO AGRÍCOLA
650 _aINSTRUMENTO DE MEDIDA
650 _aENGENHARIA AGRÍCOLA
650 _aPREVENÇÃO DE ACIDENTE
909 _a202309
_bLucia
_c55
_dLucia Elande
942 _cBK
999 _c64044
_d64044